01195cam a22003135a 4500001001000000003000400010005001700014008004100031020002500072020002300097040004000120082002600160100003300186245009900219260004900318300002900367490004200396500002400438504003100462650004500493650004200538650005100580651001000631653003300641655002400674942000800698999001700706952015800723015449305OSt20150824114941.0091119s2010 enka b 001|0 eng|d a9781848853591 (hbk.) a9781848853607 (PB) aStDuBDSbengcStDuBDSdUkdEG-ScBUE04a306.09174927222bSAB1 a Sabry, Tarik,d1969-93839410aCultural encounters in the Arab world :bon media, the modern and the everyday /cTarik Sabry. aLondon ;aNew York :bI. B. Tauris,cc.2010. a228 p. :bill. ;c22 cm.0 aLibrary of modern Middle East studies aIndex : p. 225-228. aBibliography : p. 211-223. 0aCivilization, Araby21st century.2BUEsh 0aSocial changezArab countries.2BUEsh 0aMass media and culturezArab countries.2BUEsh 2BUEsh bCOMAMEcJune2015cAugust2015 vreading book934232 2ddc c19725d19697 00102ddc40708AlahramaMAINbMAINc1STd2015-06-17epurchaseg154.00h315l1o306.09174927 SABp000038591r2025-07-15 00:00:00s2017-12-12v192.50yBB